000 00784nam a2200253 c 4500
003 BLK
005 20190913121201.0
008 180911b bul|||||r ||||||| ||bul||
010 _a002114
040 _aBLK
041 _aBUL
080 _z949.72
100 1 _aПЪРЛИЧЕВ, Кирил
_eпърви автор
245 0 0 _aЛясковец на Морава
246 _aИст. бележки
260 _aСкопие
_c1916
_fОбщин. печ.
300 _a16 с
_bс к.
_c21 см
380 _a9
490 _aЧастна колекция - Академик Михаил Арнаудов
_gДарение - Основен фонд
655 _aбългарска история
700 1 _aК. Пърличев
852 _aМА 2894
942 _cKNG
_n0
944 _aCR
_c1994
999 _c342475
_d342475